| 000 | 00553nam a22001937a 4500 | ||
|---|---|---|---|
| 003 | OSt | ||
| 005 | 20150828214512.0 | ||
| 008 | 150828b xxu||||| |||| 00| 0 eng d | ||
| 020 | _a9780471652939 | ||
| 040 | _cDDC | ||
| 082 |
_222nd ed. _a658 LUC 2005 |
||
| 100 |
_aLucas, Henry C. _95621 |
||
| 245 |
_aInformation technology: _bstrategic decision making for managers |
||
| 300 |
_axiv,446p; _bill: _c26.5cm |
||
| 504 | _aReferences, & index included | ||
| 650 |
_aDecision making _92026 |
||
| 650 |
_aInformation technology _95622 |
||
| 942 |
_2z _cO_SHELF |
||
| 999 |
_c2200 _d2200 |
||